Investing in residential property (Record no. 114930)

MARC details
000 -LEADER
fixed length control field 01031cad a22002055a 4500
001 - CONTROL NUMBER
control field L157711
008 - FIXED-LENGTH DATA ELEMENTS--GENERAL INFORMATION
fixed length control field 130328s2013 xxk f 000 0 eng d
035 ## - SYSTEM CONTROL NUMBER
System control number (Sirsi) u157711
041 0# - LANGUAGE CODE
Language code of text/sound track or separate title eng
110 2# - MAIN ENTRY--CORPORATE NAME
Corporate name or jurisdiction name as entry element British Property Federation
9 (RLIN) 1604
245 00 - TITLE STATEMENT
Title Investing in residential property
Medium [electronic resource]
260 ## - PUBLICATION, DISTRIBUTION, ETC.
Place of publication, distribution, etc. London
Name of publisher, distributor, etc. BPF
Date of publication, distribution, etc. 2013
520 ## - SUMMARY, ETC.
Summary, etc. Illustrates the key characteristics of different residential assets using a market rented portfolio to highlight different facets, performance and risk. Aimed at attracting institutional investors to the residential sector which in 2012 was worth £ 4 224 bn compared with the commercial sector with a value of £820bn.
590 ## - LOCAL NOTE (RLIN)
Local note KA
651 #4 - SUBJECT ADDED ENTRY--GEOGRAPHIC NAME
Geographic name United Kingdom
Chronological subdivision
690 ## - LOCAL SUBJECT ADDED ENTRY--TOPICAL TERM (OCLC, RLIN)
Topical term or geographic name as entry element Investments
9 (RLIN) 6250
690 ## - LOCAL SUBJECT ADDED ENTRY--TOPICAL TERM (OCLC, RLIN)
Topical term or geographic name as entry element Residential property
9 (RLIN) 6266
856 40 - ELECTRONIC LOCATION AND ACCESS
Uniform Resource Identifier <a href="https://www.bpf.org.uk/en/files/bpf_documents/residential/Investing_in_Residential_Property_-_A_Guide_for_Asset_Allocators_A4.pdf">https://www.bpf.org.uk/en/files/bpf_documents/residential/Investing_in_Residential_Property_-_A_Guide_for_Asset_Allocators_A4.pdf</a>
Public note View the item free of charge from the www.bpf.org.uk website
942 ## - ADDED ENTRY ELEMENTS (KOHA)
Suppress in OPAC 0
Holdings
Withdrawn status Lost status Source of classification or shelving scheme Damaged status Not for loan Home library Current library Shelving location Date acquired Total Checkouts Full call number Barcode Date last seen Copy number Price effective from Koha item type
    Dewey Decimal Classification     Virtual Virtual Online 28/03/2013   ONLINE PUBLICATION 157711-2001 06/08/2019 1 06/08/2019 Book